| 000 | 01016nam a22003017a 4500 | ||
|---|---|---|---|
| 001 | 4872 | ||
| 003 | FISKH | ||
| 005 | 20241204153308.0 | ||
| 008 | 241022b cb ||||| |||| 00| 0 eng d | ||
| 020 | _a9780590956208 | ||
| 040 |
_aFISKH _beng _cFISKH _dFISKH |
||
| 050 | _aPZ7.C8185 | ||
| 082 | _a237 | ||
| 100 |
_aCosby, Bill _d(1937-) |
||
| 245 |
_aShipwreck saturday / _cby Bill Cosby Illustrated by Varnette P.Honeywood |
||
| 250 | _aThis Edition first in 2008 | ||
| 260 |
_aNew York : _bScholastic, _c2008. |
||
| 300 |
_a31 pages : _bcolor illustrations ; _c23 cm |
||
| 505 | _aL | ||
| 520 | _aAlthough his brother's friends make fun of it, Little Bill is very proud of the toy boat he has built and very upset when it is wrecked the first time he puts it in the water. | ||
| 521 | 8 |
_a510L
_bLexile |
|
| 521 | 8 |
_aL
_bRaz-Plus |
|
| 650 |
_2Fiction _aLittle Bill |
||
| 650 |
_2Family Members _aFriendship |
||
| 700 |
_aP.Honeywood, Varnette _dIllustrator |
||
| 942 |
_2ddc _cBK _n0 |
||
| 999 |
_c4872 _d4872 |
||